00310nam a2200133Ia 4500008004100000020000900041041001200050082001600062100001700078245003900095260002000134300000800154650001400162221030s9999 xx 000 0 und d a0074 aEnglish a105.23bGod aA. S Godbole 0aOperating Systemscby A. S Godbole aNew Delhic2003 a722 aComputers